Action against fire (Record no. 76046)
[ view plain ]
| 000 -LEADER | |
|---|---|
| fixed length control field | 01131cab a2200193 4500 |
| 001 - CONTROL NUMBER | |
| control field | ##L131335 |
| 008 - FIXED-LENGTH DATA ELEMENTS--GENERAL INFORMATION | |
| fixed length control field | 051021n2005 000 0 eng u |
| 035 ## - SYSTEM CONTROL NUMBER | |
| System control number | (Sirsi) u131335 |
| 041 0# - LANGUAGE CODE | |
| Language code of text/sound track or separate title | eng |
| 100 1# - MAIN ENTRY--PERSONAL NAME | |
| Personal name | Maxwell, Ingval |
| 245 00 - TITLE STATEMENT | |
| Title | Action against fire |
| 260 ## - PUBLICATION, DISTRIBUTION, ETC. | |
| Date of publication, distribution, etc. | 2005 |
| 490 #0 - SERIES STATEMENT | |
| Series statement | Fire Protection Fire Engineers Journal |
| Volume/sequential designation | 65(261) October 2005, 20-23(4) |
| 520 ## - SUMMARY, ETC. | |
| Summary, etc. | Reports on the activities of COST Action C17, a four-year programme to encourage European co-operation in addressing the protection of historic buildings from fire. The group was formally launched in December 2002, and has 20 members, including the UK. Four interlinked expert working groups have been established, which meet on a regular basis. It is hoped that by the end of the programme methodologies and management systems will be in place to assist end-users in balancing fire engineering needs with the conservation requirements of historic buildings. |
| 590 ## - LOCAL NOTE (RLIN) | |
| Local note | IKA251005 |
| 650 24 - SUBJECT ADDED ENTRY--TOPICAL TERM | |
| Topical term or geographic name entry element | BUILT HERITAGE: FIRE LOSS TO HISTORIC BUILDINGS |
| 690 ## - LOCAL SUBJECT ADDED ENTRY--TOPICAL TERM (OCLC, RLIN) | |
| Topical term or geographic name as entry element | BUILT ENVIRONMENT-BUILDING TYPES-HISTORIC BUILDINGS AND ANCIENT MONUMENTS |
| 942 ## - ADDED ENTRY ELEMENTS (KOHA) | |
| Suppress in OPAC | 0 |
| Withdrawn status | Lost status | Source of classification or shelving scheme | Damaged status | Not for loan | Home library | Current library | Shelving location | Date acquired | Total Checkouts | Full call number | Barcode | Date last seen | Copy number | Price effective from | Koha item type |
|---|---|---|---|---|---|---|---|---|---|---|---|---|---|---|---|
| Dewey Decimal Classification | London | London | Journal article | 21/10/2005 | L131335 | 131335-1001 | 06/08/2019 | 1 | 06/08/2019 | Journal article |